000 00422nam a2200133Ia 4500
003 GCL
008 140319s9999 xx 000 0 ara d
040 _aGCL /
_cGCL
082 0 4 _a341.48
_bف ا
245 1 0 _aفقة الجنسيات : دراسة مقارنة فى الشريعة والقانون
260 _a[S.N] :
_bلجنة الاعلام والدراسات المستقبلية ،
_c1986
300 _a438
490 _a
999 _c59166
_d59166